Statistics for States That Beat Georgia

Click here to take the quiz!

General Stats

  • This quiz has been taken 804 times
    (321 since last reset)
  • The average score is 15 of 17

Answer Stats

RankCategoryAnswer% Correct
8Most PopulousCalifornia | Texas | Florida | New York | Pennsylvania | Illinois | Ohio
98%
8Largest Unsheltered Homeless PopulationCalifornia | Florida | Texas | Oregon | Washington | Arizona | New York
97%
8Fastest Growing (1960-2019)Nevada | Arizona | Florida | Alaska | Utah | Colorado | Texas
95%
8Shortest Coastline (Not counting the Great Lakes)New Hampshire | Delaware | Maryland | Rhode Island | Mississippi | Alabama | Connecticut
94%
8(t)*Youngest Median AgeUtah | Texas | Alaska | North Dakota | California | Oklahoma | Nebraska | Idaho(t)
94%
7Lowest % WhiteHawaii | California | New Mexico | Texas | Nevada | Maryland
92%
7Highest # of Endangered SpeciesHawaii | California | Florida | Alabama | Texas | Tennessee
90%
7Most PrecipitationHawaii | Louisiana | Mississippi | Alabama | Florida | Tennessee
89%
6Most ExecutionsTexas | Virginia | Oklahoma | Florida | Missouri
88%
5Hottest Average TemperatureFlorida | Hawaii | Louisiana | Texas
87%
7Longest Average CommuteNew York | Maryland | New Jersey | Massachusetts | California | Illinois
87%
4(t)Most Venomous Snake SpeciesArizona | Texas | Alabama | California(t) | New Mexico(t) | Oklahoma(t)
86%
7Highest % ForestedMaine | New Hampshire | West Virginia | Vermont | Alabama | South Carolina
85%
6Closest in Recent Presidential ElectionsFlorida | Iowa | North Carolina | Ohio | Pennsylvania
83%
6Highest Net MigrationFlorida | Texas | Arizona | North Carolina | South Carolina
81%
3Highest % African-AmericanMississippi | Louisiana
79%
2Most Counties or County-Equivalents
Texas
77%

Score Distribution

Percentile by Number Answered

Percent of People with Each Score

Your Score History

You have not taken this quiz since the last reset